[Event "World ol U16"]
[Site "Nakhchivan"]
[Date "2022.10.09"]
[Round "8.17"]
[White "Mohamed Mostafa, Omar"]
[Black "Rzayev, Murad"]
[Result "0-1"]
[WhiteElo "1503"]
[BlackElo "1242"]
[PlyCount "82"]
[EventDate "2022.10.02"]
[EventType "team-swiss"]
[EventRounds "9"]
[EventCountry "AZE"]
[SourceTitle "CBM 210 Extra"]
[Source "ChessBase"]
[SourceDate "2022.11.30"]
[SourceVersion "1"]
[SourceVersionDate "2022.11.30"]
[SourceQuality "1"]
[WhiteTeam "Egypt"]
[BlackTeam "Azerbaijan Sumgayit"]
[WhiteTeamCountry "EGY"]
[BlackTeamCountry "AZE"]

1. e4 c5 2. Nf3 e6 3. d3 Nc6 4. g3 b6 5. Bg2 Bb7 6. 0-0 d6 7. Re1 Nf6 8. e5 Nxe5 9. Nxe5 Bxg2 10. Nxf7 Kxf7 11. Kxg2 g6 12. Qe2 Qd7 13. Nc3 Bg7 14. Bg5 Rhf8 15. Rad1 e5 16. Bxf6 Bxf6 17. Nd5 Bg7 18. c4 Kg8 19. Qe4 Rae8 20. h4 Qf5 21. Qxf5 Rxf5 22. d4 cxd4 23. Rxd4 Rxf2+ 24. Kxf2 Rf8+ 25. Rf4 exf4 26. Nxf4 Bxb2 27. Kg2 Kf7 28. Rf1 Ke8 29. Re1+ Kd7 30. Nd5 Be5 31. Rb1 Kc6 32. Nb4+ Kc5 33. Nd3+ Kxc4 34. Nxe5+ dxe5 35. Rc1+ Kd3 36. Rc7 e4 37. Rd7+ Ke2 38. Rxh7 e3 39. Rxa7 Rf2+ 40. Kg1 Kf3 41. Ra3 Rb2 0-1

[Event "World ol U16"]
[Site "Nakhchivan"]
[Date "2022.10.08"]
[Round "7.17"]
[White "Fawaz, Mohamad"]
[Black "Mohamed Mostafa, Omar"]
[Result "1/2-1/2"]
[WhiteElo "1394"]
[BlackElo "1503"]
[PlyCount "84"]
[EventDate "2022.10.02"]
[EventType "team-swiss"]
[EventRounds "9"]
[EventCountry "AZE"]
[SourceTitle "CBM 210 Extra"]
[Source "ChessBase"]
[SourceDate "2022.11.30"]
[SourceVersion "1"]
[SourceVersionDate "2022.11.30"]
[SourceQuality "1"]
[WhiteTeam "Lebanon"]
[BlackTeam "Egypt"]
[WhiteTeamCountry "LBN"]
[BlackTeamCountry "EGY"]

1. e4 c5 2. c3 Nf6 3. e5 Nd5 4. d4 cxd4 5. Nf3 Nc6 6. Bc4 Nb6 7. Bb3 d6 8. exd6 Qxd6 9. 0-0 e6 10. cxd4 Be7 11. Nc3 0-0 12. Re1 Rd8 13. Be3 Nb4 14. Rc1 N4d5 15. Ne4 Qb4 16. Bd2 Qb5 17. a4 Qe8 18. a5 Nd7 19. Bxd5 exd5 20. Nd6 Qf8 21. Nxc8 Raxc8 22. Qb3 Rb8 23. Qxd5 Nc5 24. Qc4 Ne6 25. Bc3 Bf6 26. Rcd1 Qd6 27. Qb3 b6 28. axb6 Rxb6 29. Qc2 Qd7 30. Ba5 Rc8 31. Qd2 Rd6 32. Bc3 Rd8 33. h3 h6 34. d5 Bxc3 35. Qxc3 Rxd5 36. Rxd5 Qxd5 37. Qa3 Qc5 38. Qxc5 Nxc5 39. Re7 Rd1+ 40. Kh2 Rb1 41. Rxa7 Rxb2 42. Ra8+ Kh7 1/2-1/2